Statistics for All 50k U.S. Cities on a Map by Letter - W

Click here to take the quiz!

General Stats

  • This quiz has been taken 682 times
  • The average score is 17 of 41

Answers on the Map

Answers color-coded by a green-red scale on the quiz's map according to % correct below.
 

Answer Stats

PopulationStateCity% Correct
395,699KSWichita
97%
102,988TXWichita Falls
97%
205,918MAWorcester
84%
70,750DEWilmington
83%
117,643NCWilmington
83%
139,594TXWaco
79%
250,320NCWinston-Salem
77%
139,110UTWest Valley City
62%
117,286FLWest Palm Beach
61%
138,130MIWarren
60%
116,541UTWest Jordan
56%
71,256WIWaukesha
50%
83,011RIWarwick
49%
113,811CTWaterbury
49%
90,195CAWestminster
49%
114,561COWestminster
49%
66,941IAWaterloo
46%
88,614ILWaukegan
45%
69,792IAWest Des Moines
40%
81,446GAWarner Robins
35%
107,017CAWest Covina
32%
59,526NYWhite Plains
31%
76,749MIWyoming
29%
55,294CTWest Haven
28%
67,312FLWeston
27%
84,515MIWestland
26%
85,311CAWhittier
23%
61,448FLWellington
21%
52,242NJWest New York
20%
52,710FLWinter Haven
20%
76,990MNWoodbury
20%
59,484WIWest Allis
19%
53,637CAWest Sacramento
19%
50,630INWestfield
18%
61,398CAWoodland
18%
52,067CAWatsonville
16%
69,695CAWalnut Creek
15%
64,015MAWaltham
15%
57,670MAWeymouth
14%
53,126ILWheaton
10%
59,394TXWylie
9%

Score Distribution

Percentile by Number Answered

Percent of People with Each Score

Your Score History

You have not taken this quiz